|
|
|
|
| LEADER |
00000naa2a2200000 4500 |
| 001 |
632690 |
| 005 |
20240123105308.0 |
| 035 |
|
|
|a (RuTPU)RU\TPU\conf\34411
|
| 035 |
|
|
|a RU\TPU\conf\34410
|
| 090 |
|
|
|a 632690
|
| 100 |
|
|
|a 20210302d2020 k y0rusy50 ca
|
| 101 |
0 |
|
|a rus
|
| 102 |
|
|
|a RU
|
| 105 |
|
|
|a y z 101zy
|
| 135 |
|
|
|a drgn ---uucaa
|
| 181 |
|
0 |
|a i
|
| 182 |
|
0 |
|a b
|
| 200 |
1 |
|
|a Совершенствование методики преподавания специальных дисциплин на основе базовых принципов инженерной педагогики
|d Improvement of the teaching methodology of special disciplines based on main principles of engineering pedagogy
|f А. В. Мытников
|
| 203 |
|
|
|a Текст
|c электронный
|
| 300 |
|
|
|a Заглавие с титульного экрана
|
| 320 |
|
|
|a [Библиогр.: с. 273 (3 назв.)]
|
| 330 |
|
|
|a One of the ways to solve the problem, to improve the quality of training of engineering personnel is to use the principles and methods of engineering pedagogy. The article presents the results of the search for ways to improve the efficiency of the educational process, for senior undergraduate students in the direction of "Electricity and Electrical Engineering" by using "technology of synthesis of practical aspects".
|
| 463 |
|
1 |
|0 (RuTPU)RU\TPU\conf\34302
|t Современные технологии, экономика и образование
|o сборник материалов II Всероссийской научно-методической конференции, г. Томск, 2-4 сентября 2020 г.
|f Национальный исследовательский Томский политехнический университет ; под ред. А. Г. Фефеловой, Е. А. Покровской, И. О. Болотиной [и др.]
|v [С. 271-273]
|d 2020
|
| 510 |
1 |
|
|a Improvement of the teaching methodology of special disciplines based on main principles of engineering pedagogy
|z eng
|
| 610 |
1 |
|
|a электронный ресурс
|
| 610 |
1 |
|
|a труды учёных ТПУ
|
| 610 |
1 |
|
|a совершенствование
|
| 610 |
1 |
|
|a методика преподавания
|
| 610 |
1 |
|
|a специальные дисциплины
|
| 610 |
1 |
|
|a инженерная педагогика
|
| 610 |
1 |
|
|a технические дисциплины
|
| 610 |
1 |
|
|a качество
|
| 610 |
1 |
|
|a учебный процесс
|
| 700 |
|
1 |
|a Мытников
|b А. В.
|c специалист в области энергетики
|c доцент Томского политехнического университета, кандидат технических наук
|f 1966-
|g Алексей Владимирович
|3 (RuTPU)RU\TPU\pers\28065
|9 13027
|
| 712 |
0 |
2 |
|a Национальный исследовательский Томский политехнический университет
|b Инженерная школа энергетики
|b Отделение электроэнергетики и электротехники
|3 (RuTPU)RU\TPU\col\23505
|
| 801 |
|
2 |
|a RU
|b 63413507
|c 20210305
|g RCR
|
| 856 |
4 |
|
|u http://earchive.tpu.ru/handle/11683/64611
|
| 942 |
|
|
|c BK
|